000 01507nam a2200289 i 4500
003 DO-SdBNP
005 20250801130409.0
007 ta
008 250314s2001 dr r 000 0 spa d
040 _aDO-SdBNP
_bspa
_cBNPHU
_erda
041 _aspa
082 4 _axxxx
_bR426L
_222
110 1 _aRepública Dominicana
_9447
240 1 0 _a[Leyes, etc.]
245 1 0 _aLey No. 11-92 :
_bcódigo tributario de la República Dominicana /
264 1 _aSanto Domingo :
_bCongreso Nacional,
_c2001.
300 _a194 páginas ;
_c23 cm.
336 _atexto
_btxt
_2rdacontent
337 _asin mediación
_bn
_2rdamedia
338 _ardacarrier
_bnc
_2rdacarrier
500 _aLos artículos modificados del Código Tributario por la ley de la Reforma Tributaria No. 147-00 de fecha 27 de diciembre del año 2000, han sido corregidos e insertados en esta edición.
500 _aArtículos Modificados: 19, 47, 252, 267, 268, 287, 296, 297 y 298; el literal o) del artículo 299, 306, 309, 314, 316, 335, 339, 341, 343, 344, 345, 346, 350, 355 y 367 en sus literales b) y c), y 375 de la ley No. 11-92, del 16 de mayo de 1992, del Código Tributario de la República Dominicana.
505 _aTítulo 1--
_tNormas generales, procedimientos y sanciones --
_gTítulo 2--
_tImpuesto sobre la renta--
_gTítulo 3--
_tImpuesto sobre transferencia de bienes industrializados y sevicios--
_gTítulo 4--
_tImpuesto selectivo al consumo.
590 _aInventariado, 2025/ BT
910 _aBtavárez
942 _2ddc
_cLBS1
999 _c59708
_d59708